| 000 | 00671nam a2200241Ia 4500 | ||
|---|---|---|---|
| 003 | OSt | ||
| 005 | 20220918202514.0 | ||
| 006 | a|||||r|||| 00| 0 | ||
| 007 | ta | ||
| 008 | 220917b |||||||| |||| 00| 0 eng d | ||
| 024 | _a101,766 | ||
| 037 | _cTextual | ||
| 040 |
_aARTS _cARTS _beng |
||
| 041 |
_2eng _aeng |
||
| 082 | _aV2,32:91.N89, N0 | ||
| 100 |
_aMahendra Prasad Singh Ed. _931973 |
||
| 245 | 0 |
_aLok Sabha elections 1989 _b Indian politics in 1990's |
|
| 260 |
_aDelhi _bKalinga _c1992 |
||
| 300 |
_a227p. _ccm. |
||
| 650 | _aHISTORY | ||
| 942 |
_hV2,32:91.N89, N0 _cTEXL _2CC |
||
| 999 |
_c225226 _d225226 |
||